书目信息 |
| 书名: | Production/operations management | |
| 作者: | William J. Stevenson. | |
| 分册号: | ||
| 分册名: | 出版地: | Chicago, IL : |
|
| 出版社: | Irwin | |
| 出版时间: | c1996. | |
| 页数: | xii, 897 p. : | |
| 开本: | 26 cm. | |
| 丛书名: | The Irwin series in production operations management | |
| 中图分类号: | ||
| 科图分类号: | ||
| 其他分类号: | F406.2 | |
| 主题词: | ||
| 电子资源: | ||
| 000 | 00996pam a2200289 a 450 | |
| 001 | E0729729249 | |
| 005 | 20070511081719.54 | |
| 008 | 950906s1996 ilua b 001 0 eng | |
| 010 | @a95041530 | |
| 020 | @z0256206920 (International students ed.). | |
| 020 | @a0256139008. | |
| 035 | @A(DLC) 95041530 | |
| 040 | @aDLC@cDLC@dDLC | |
| 050 | 00 | @aTS155@b.S7824 1996 |
| 082 | 00 | @a658.5@2 20 |
| 090 | @aF406.2 | |
| 099 | @dF406.2@ex10=5 | |
| 100 | 1 | @aStevenson, William J. |
| 245 | 10 | @aProduction/operations management / @cWilliam J. Stevenson. |
| 250 | @a5th ed. | |
| 260 | @aChicago, IL :@bIrwin,@cc1996. | |
| 300 | @axii, 897 p. :@bill. ;@c26 cm. | |
| 440 | 4 | @aThe Irwin series in production operations management |
| 650 | 0 | @aProduction management. |
| 906 | @a7@bcbc@corignew@d1@eocip@f19@gy-gencatlg | |
| 955 | @apc19 to sa00 09-07-95; sd13 09-08-95; sd03 09-08-95; sd06 09-11-95; CIp ver. yf04 12-28-95 | |
| 991 | @bc-GenColl@hTS155@i.S7824 1996@p00023763680@tCopy 1@wBOOKS | |
| Production/operations management / / William J. Stevenson.-5th ed.-Chicago, IL : : Irwin, , c1996. |
| xii, 897 p. : : ill. ; ; 26 cm.- (The Irwin series in production operations management ) |
| ISBN |
| ● |
| 相关链接 |
|
|
|
|
正题名:Production/operations management
索取号:F406.2/x10=5
 
预约/预借
| 序号 | 登录号 | 条形码 | 馆藏地/架位号 | 状态 | 备注 |
| 1 | 8061 | 300080613 | 第二样本阅览室/ [索取号:F406.2/x10=5] | 在馆 | |
| 2 | 8062 | 300080622 | 第四借阅区/ [索取号:F406.2/x10=5] | 在馆 | |
| 3 | 8063 | 300080631 | 第四借阅区/ [索取号:F406.2/x10=5] | 在馆 | |
| 4 | 8064 | 300080640 | 密集书库/ [索取号:F406.2/x10=5] | 在馆 | |
| 5 | 8065 | 300080659 | 密集书库/ [索取号:F406.2/x10=5] | 在馆 |